000 00948nas a2200301 4500
001 BR0502153
003 BR-BrBNA
005 20231205105259.0
007 ta
008 230509b bl.|||p| |||| 00| 00por d
040 _aBR-BrBNA
_bpor
_cBiblioteca Nacional de Agricultura
041 _a(Pt)
072 _aQ54
100 1 _aLima, C.D.S.
100 1 _aGomes, H. de S.
100 1 _aDetoni, C.E.
245 1 _aAdição de uréia e da levedura Saccharomyces cerevisiae no enriquecimento protéico da palma forrageira (Opuntia ficus indica L.)cv. Miúda
650 _aPALMA FORRAGEIRA
650 _aPROTEÍNA BRUTA
650 _aFERMENTAÇÃO AERÓBICA
650 _aURÉIA
650 _aMINERAL
650 _aCOMPOSIÇÃO DE ALIMENTO
650 _aANÁLISE DE ALIMENTO
773 0 _tMagistra (Brazil)
_xISSN 0102-5333
_g(Jan-Jun 2004), v. 16(1) p.1-8
_wBR0502153
909 _a202311
_bLúcia
_c55
_dLúcia Elande
942 _2AGRIS
_n0
_cANA
999 _c182157
_d182157